[Event "SSC-Rostock-Open 2013"]
[Site "Rostock"]
[Date "2013.08.01"]
[Round "3.29"]
[White "Leisner, Ekkehardt"]
[Black "Jaehn, Janis"]
[Result "1-0"]
[WhiteElo "1588"]
[BlackElo "1747"]
[PlyCount "53"]
[EventDate "2013.07.31"]
[EventType "swiss"]
[EventRounds "7"]
[EventCountry "GER"]
[Source "LSV Meck.-Vorp."]
[SourceDate "1999.06.01"]
[WhiteTeam "SV Turbine Neubrandenburg"]
[BlackTeam "SF Schwerin"]

1. c4 f5 2. g3 Nf6 3. Bg2 g6 4. d4 Bg7 5. Nc3 O-O 6. e3 d6 7. Nge2 Qe8 8. O-O
c6 9. b3 e5 10. Ba3 c5 11. dxc5 dxc5 12. Bxc5 Rf7 13. Qc2 e4 14. Rad1 a6 15.
Nd4 Nbd7 16. Ba3 Ne5 17. Rd2 Bd7 18. Rfd1 Rc8 19. Nde2 Bc6 20. Nf4 Kh8 21. Kh1
Kg8 22. Bd6 Kh8 23. h4 Kg8 24. Nce2 b6 25. Nd4 Ba8 26. Nde6 Ned7 27. Nc7 1-0

[Event "SSC-Rostock-Open 2013"]
[Site "Rostock"]
[Date "2013.08.01"]
[Round "3.30"]
[White "Graeber, Gero"]
[Black "Gazizov, Max"]
[Result "1-0"]
[WhiteElo "1722"]
[BlackElo "1090"]
[PlyCount "89"]
[EventDate "2013.07.31"]
[EventType "swiss"]
[EventRounds "7"]
[EventCountry "GER"]
[Source "LSV Meck.-Vorp."]
[SourceDate "1999.06.01"]
[WhiteTeam "SC Tettnang"]
[BlackTeam "TuS Makkabi Rostock"]

1. e4 c5 2. Nf3 d6 3. c3 Bg4 4. d4 cxd4 5. cxd4 Nf6 6. Nc3 e6 7. Bb5+ Nfd7 8.
h3 Bh5 9. Be3 a6 10. Be2 Be7 11. O-O O-O 12. Nh2 Bxe2 13. Qxe2 Bg5 14. f4 Bh4
15. Bf2 e5 16. dxe5 dxe5 17. f5 Bxf2+ 18. Rxf2 Nc6 19. Nd5 f6 20. Qc4 Kh8 21.
Nf3 Rc8 22. Qe2 Nb6 23. Rd1 Rf7 24. Nf4 Rd7 25. Rxd7 Qxd7 26. Ne6 Nd8 27. Qe3
Nc4 28. Qb3 b5 29. a4 bxa4 30. Qb4 Nxe6 31. fxe6 Qxe6 32. Qxa4 Qc6 33. Qc2 Nd6
34. Qxc6 Rxc6 35. Nxe5 Rc1+ 36. Kh2 Nxe4 37. Rf4 Nc5 38. Rd4 h6 39. Nc4 f5 40.
Nd6 g6 41. Rd5 Rc2 42. b4 Nb3 43. Ne8 f4 44. Nf6 f3 45. Rd7 1-0

[Event "SSC-Rostock-Open 2013"]
[Site "Rostock"]
[Date "2013.08.01"]
[Round "3.31"]
[White "Schubert, Jens"]
[Black "Schamber, Dennis"]
[Result "0-1"]
[WhiteElo "1613"]
[BlackElo "1544"]
[PlyCount "80"]
[EventDate "2013.07.31"]
[EventType "swiss"]
[EventRounds "7"]
[EventCountry "GER"]
[Source "LSV Meck.-Vorp."]
[SourceDate "1999.06.01"]
[WhiteTeam "SV Turbine Neubrandenburg"]
[BlackTeam "TuS Makkabi Rostock"]

1. e4 c5 2. c3 d5 3. d4 dxe4 4. Be3 cxd4 5. cxd4 Nf6 6. f3 Bf5 7. Nc3 e6 8.
fxe4 Nxe4 9. Qb3 Nd6 10. Nf3 Nc6 11. Be2 Be7 12. O-O O-O 13. Rac1 a6 14. Qd1
Bg6 15. d5 exd5 16. Nxd5 Re8 17. Bb6 Qd7 18. Nc7 Rac8 19. Nxe8 Rxe8 20. Bc4 Qg4
21. Be2 Qe6 22. Nd4 Nxd4 23. Bxd4 Bg5 24. Bf3 Bxc1 25. Qxc1 h6 26. a3 b5 27.
Bc3 Ne4 28. Re1 Qb6+ 29. Qe3 Qb8 30. Qd4 Nxc3 31. Rxe8+ Qxe8 32. Qxc3 Qe7 33.
Kf2 Qa7+ 34. Qe3 Qd7 35. Qc3 Kh7 36. b4 Qe6 37. Qd4 Qa2+ 38. Ke1 Qxa3 39. Be4
Qc1+ 40. Kf2 Qf4+ 0-1

[Event "SSC-Rostock-Open 2013"]
[Site "Rostock"]
[Date "2013.08.01"]
[Round "3.32"]
[White "Lick, Helmut"]
[Black "Lange, Johannes"]
[Result "0-1"]
[WhiteElo "1489"]
[BlackElo "1174"]
[PlyCount "146"]
[EventDate "2013.07.31"]
[EventType "swiss"]
[EventRounds "7"]
[EventCountry "GER"]
[Source "LSV Meck.-Vorp."]
[SourceDate "1999.06.01"]
[WhiteTeam "SK Lister Turm"]
[BlackTeam "Schachunion Berlin"]

1. d4 d5 2. Nf3 Nc6 3. g3 Nf6 4. Bg2 g6 5. O-O Bg7 6. Nbd2 O-O 7. Re1 Re8 8. c3
Bf5 9. h3 Qd6 10. Ne5 Nxe5 11. dxe5 Qxe5 12. Nf3 Qd6 13. Nd4 Bd7 14. Bf4 e5 15.
Bd2 exd4 16. cxd4 Rac8 17. Bf4 Qf8 18. g4 h6 19. f3 Bc6 20. Bg3 g5 21. Qd3 Qe7
22. Be5 Qb4 23. b3 Bd7 24. a3 Qf8 25. b4 b6 26. Rac1 c5 27. bxc5 bxc5 28. Qa6
cxd4 29. Rxc8 Bxc8 30. Qd6 Qxd6 31. Bxd6 d3 32. Bf1 Ba6 33. Kf2 Nd7 34. e3 d2
35. Rd1 Bxf1 36. Rxf1 Rc8 37. Bb4 Rc2 38. Rd1 Nb6 39. Rxd2 Rxd2+ 40. Bxd2 Nc4
41. Bb4 d4 42. exd4 Bxd4+ 43. Ke2 a5 44. Be7 f6 45. Kd3 Ne5+ 46. Ke4 Bb2 47.
Bxf6 Nc4 48. Bxb2 Nxb2 49. Kd4 Kf7 50. Kc3 Nd1+ 51. Kc4 Ke6 52. Kb5 Kd5 53.
Kxa5 Kc4 54. Ka4 Nc3+ 55. Ka5 Kb3 56. a4 Nxa4 57. Kb5 Nc3+ 58. Kc5 Ne2 59. Kd5
Nf4+ 60. Ke5 Nxh3 61. Kf5 Ng1 62. f4 Nh3 63. fxg5 hxg5 64. Ke4 Kc3 65. Ke3 Nf4
66. Ke4 Kd2 67. Kf3 Ke1 68. Ke3 Kf1 69. Kf3 Kg1 70. Kg3 Kh1 71. Kf3 Kh2 72. Ke4
Kg3 73. Kf5 Nh3 0-1

[Event "SSC-Rostock-Open 2013"]
[Site "Rostock"]
[Date "2013.08.01"]
[Round "3.33"]
[White "Schulz, Daniel"]
[Black "Zeis, Konstantin"]
[Result "1-0"]
[WhiteElo "1383"]
[BlackElo "1157"]
[PlyCount "75"]
[EventDate "2013.07.31"]
[EventType "swiss"]
[EventRounds "7"]
[EventCountry "GER"]
[Source "LSV Meck.-Vorp."]
[SourceDate "1999.06.01"]
[WhiteTeam "SG Eintracht Neubrandenburg"]
[BlackTeam "TuS Makkabi Rostock"]

1. e4 c5 2. c3 d6 3. d4 cxd4 4. cxd4 Nf6 5. d5 Nxe4 6. Qa4+ Nd7 7. Qxe4 b6 8.
Nc3 Nf6 9. Qc2 g6 10. Nb5 Nxd5 11. Qc6+ Bd7 12. Qxd5 Bg7 13. Qxa8 Qxa8 14. Nc7+
Kd8 15. Nxa8 Bc6 16. Nxb6 axb6 17. f3 Kd7 18. Rb1 Rc8 19. Be3 Kc7 20. Bd3 Re8
21. Ne2 Rd8 22. Kd2 Kb7 23. Nd4 Bd7 24. Be4+ Ka7 25. Nc6+ Bxc6 26. Bxc6 Rc8 27.
Be4 f5 28. Bd5 Re8 29. Be6 Kb7 30. b3 Kc7 31. Rbc1+ Kb7 32. Bf7 Rf8 33. Bd5+
Ka7 34. Rc7+ Ka6 35. Rxe7 Be5 36. Bc4+ Ka5 37. Ra7+ Kb4 38. a3# 1-0

[Event "SSC-Rostock-Open 2013"]
[Site "Rostock"]
[Date "2013.08.01"]
[Round "3.34"]
[White "Gazizova, Alina"]
[Black "Kreutz, Jonas"]
[Result "1/2-1/2"]
[WhiteElo "1120"]
[BlackElo "1327"]
[PlyCount "106"]
[EventDate "2013.07.31"]
[EventType "swiss"]
[EventRounds "7"]
[EventCountry "GER"]
[Source "LSV Meck.-Vorp."]
[SourceDate "1999.06.01"]
[WhiteTeam "TuS Makkabi Rostock"]
[BlackTeam "SV Koenigsjaeger Sued-West"]

1. d4 e6 2. c4 d5 3. Nf3 g6 4. Nc3 Bg7 5. a3 a5 6. e3 Ne7 7. Bd3 b6 8. O-O Ba6
9. cxd5 Bxd3 10. Qxd3 Nxd5 11. Bd2 O-O 12. Rac1 Nc6 13. Rfd1 Nce7 14. e4 Nf6
15. h3 Nd7 16. Be3 f5 17. Ng5 fxe4 18. Qxe4 Nf6 19. Qxe6+ Kh8 20. Nf7+ Rxf7 21.
Qxf7 Qd7 22. Bg5 Rf8 23. Qc4 Qf5 24. Be3 Nfd5 25. Rf1 Nxc3 26. Qxc3 Nd5 27. Qc2
Nxe3 28. fxe3 Qxc2 29. Rxf8+ Bxf8 30. Rxc2 Bd6 31. e4 Bf4 32. Re2 Kg7 33. Kf2
Kf6 34. e5+ Ke6 35. Kf3 Bg5 36. d5+ Kxd5 37. e6 Kd6 38. Kg4 Be7 39. h4 Bf6 40.
h5 Ke7 41. hxg6 hxg6 42. Kf4 Kd6 43. g4 Ke7 44. g5 Bd4 45. Rd2 Bc5 46. Ke5 Bd6+
47. Kd5 Bf4 48. Rf2 Bxg5 49. Rf7+ Ke8 50. Rg7 Bf6 51. Rxg6 Bxb2 52. Kc6 Bxa3
53. Kxc7 Bc5 1/2-1/2

[Event "SSC-Rostock-Open 2013"]
[Site "Rostock"]
[Date "2013.08.01"]
[Round "3.35"]
[White "Breuel, Steffen"]
[Black "Wulf, Doris"]
[Result "0-1"]
[WhiteElo "1183"]
[BlackElo "1138"]
[PlyCount "71"]
[EventDate "2013.07.31"]
[EventType "swiss"]
[EventRounds "7"]
[EventCountry "GER"]
[Source "LSV Meck.-Vorp."]
[SourceDate "1999.06.01"]
[WhiteTeam "SSC Rostock 07"]
[BlackTeam "SC Mecklenburger Springer"]

1. d4 Nf6 2. c4 e6 3. Nc3 b6 4. e4 Bb7 5. Bd3 d6 6. Nge2 Be7 7. f3 c5 8. d5
exd5 9. cxd5 Nbd7 10. O-O O-O 11. Be3 a6 12. Qd2 Ne5 13. Rac1 b5 14. Ng3 Re8
15. Nce2 Bf8 16. Bb1 Nc4 17. Qc3 Nxe3 18. Qxe3 Nxd5 19. Qf2 Nf6 20. Rfd1 Rc8
21. Nc3 h5 22. Qc2 Qe7 23. Nf5 Qe5 24. Nd5 g6 25. Nxf6+ Qxf6 26. Ne3 Bh6 27.
Qe2 Re5 28. Rc3 Bxe3+ 29. Rxe3 Rce8 30. g3 d5 31. f4 R5e7 32. e5 Qb6 33. Kf1 d4
34. Red3 Bc8 35. b4 Bg4 36. bxc5 0-1

[Event "SSC-Rostock-Open 2013"]
[Site "Rostock"]
[Date "2013.08.02"]
[Round "4.1"]
[White "Stern, Rene"]
[Black "Tomczak, Jacek"]
[Result "1/2-1/2"]
[WhiteElo "2499"]
[BlackElo "2564"]
[PlyCount "59"]
[EventDate "2013.07.31"]
[EventType "swiss"]
[EventRounds "7"]
[EventCountry "GER"]
[Source "LSV Meck.-Vorp."]
[SourceDate "1999.06.01"]
[WhiteTeam "SK Koenig Tegel 1949"]
[BlackTeam "SSC Rostock 07"]

1. d4 Nf6 2. c4 g6 3. Nc3 d5 4. e3 Bg7 5. Qb3 e6 6. Qa3 Nc6 7. Nf3 a5 8. Be2
Nb4 9. Qa4+ Bd7 10. Qb3 c5 11. a3 dxc4 12. Bxc4 a4 13. Qd1 cxd4 14. exd4 Nbd5
15. Bxd5 Nxd5 16. Nxd5 exd5 17. Qe2+ Qe7 18. Qxe7+ Kxe7 19. O-O f6 20. Bd2 Bg4
21. Rfc1 Rac8 22. Ne1 Bf5 23. f3 Rc4 24. Kf2 Rhc8 25. Rxc4 Rxc4 26. Bc3 h5 27.
g3 Bh6 28. Ng2 Kf7 29. Ne3 Bxe3+ 30. Kxe3 1/2-1/2

[Event "SSC-Rostock-Open 2013"]
[Site "Rostock"]
[Date "2013.08.02"]
[Round "4.2"]
[White "Brynell, Stellan"]
[Black "Fries Nielsen, Jens Ove"]
[Result "1-0"]
[WhiteElo "2484"]
[BlackElo "2381"]
[PlyCount "59"]
[EventDate "2013.07.31"]
[EventType "swiss"]
[EventRounds "7"]
[EventCountry "GER"]
[Source "LSV Meck.-Vorp."]
[SourceDate "1999.06.01"]
[WhiteTeam "SSC Rostock 07"]
[BlackTeam "FC ST. Pauli 1910"]

1. d4 Nf6 2. c4 e6 3. Nf3 Bb4+ 4. Bd2 Bxd2+ 5. Qxd2 d6 6. Nc3 Nc6 7. g3 O-O 8.
Bg2 d5 9. cxd5 exd5 10. O-O Ne4 11. Qd1 Re8 12. Rc1 Bg4 13. Re1 Qd6 14. Na4 Qf6
15. Nc5 Re7 16. Nxb7 Rae8 17. Qa4 Re6 18. Na5 Nxa5 19. Qxa5 c6 20. Qxa7 Qh6 21.
Ne5 R6e7 22. Qa6 Bf5 23. Qxc6 Re6 24. Qxd5 Nf6 25. Qf3 Be4 26. Qe3 g5 27. Bxe4
Rxe5 28. dxe5 Ng4 29. Qf3 Qxh2+ 30. Kf1 1-0

[Event "SSC-Rostock-Open 2013"]
[Site "Rostock"]
[Date "2013.08.02"]
[Round "4.3"]
[White "Skibbe, Willi"]
[Black "Hanisch, Sebastian"]
[Result "0-1"]
[WhiteElo "2292"]
[BlackElo "2097"]
[PlyCount "86"]
[EventDate "2013.07.31"]
[EventType "swiss"]
[EventRounds "7"]
[EventCountry "GER"]
[Source "LSV Meck.-Vorp."]
[SourceDate "1999.06.01"]
[WhiteTeam "SSC Rostock 07"]
[BlackTeam "SF Schwerin"]

1. d4 e6 2. c4 b6 3. a3 Bb7 4. Nc3 Nf6 5. d5 g6 6. e4 d6 7. Nf3 Nbd7 8. Qc2 Bg7
9. Be2 O-O 10. O-O Re8 11. Be3 a6 12. Rac1 h6 13. Nd2 Ne5 14. h3 g5 15. Qd1 Ng6
16. g3 Qd7 17. Kg2 Re7 18. Bf3 Rf8 19. Kh2 Ne5 20. Bg2 g4 21. h4 exd5 22. cxd5
Nh5 23. Ne2 Nd3 24. Rb1 f5 25. Qc2 Nc5 26. Bxc5 dxc5 27. Qc4 f4 28. gxf4 Nxf4
29. Nxf4 Rxf4 30. f3 Qd6 31. Kh1 g3 32. Bh3 Rxh4 33. Kg2 b5 34. Qb3 Bc8 35. Rh1
c4 36. Qc2 Rxh3 37. Rxh3 Bxh3+ 38. Kxh3 Re5 39. Kg2 Qc5 40. Nf1 Rg5 41. f4 Rg4
42. Kf3 g2 43. Ng3 Rxg3+ 0-1

[Event "SSC-Rostock-Open 2013"]
[Site "Rostock"]
[Date "2013.08.02"]
[Round "4.4"]
[White "Schulz, Michael"]
[Black "Wenner, Tobias"]
[Result "0-1"]
[WhiteElo "2249"]
[BlackElo "2136"]
[PlyCount "70"]
[EventDate "2013.07.31"]
[EventType "swiss"]
[EventRounds "7"]
[EventCountry "GER"]
[Source "LSV Meck.-Vorp."]
[SourceDate "1999.06.01"]
[WhiteTeam "SC Empor Potsdam 1952"]
[BlackTeam "SC Eppingen"]

1. e4 c5 2. Nf3 Nc6 3. Bb5 g6 4. O-O Bg7 5. c3 e5 6. b4 cxb4 7. cxb4 Nge7 8.
Bb2 O-O 9. a3 d6 10. Bc4 Bg4 11. h3 Bxf3 12. Qxf3 Nd4 13. Bxd4 exd4 14. Qb3 Rc8
15. d3 Rc7 16. Nd2 d5 17. exd5 Nf5 18. Ne4 Nd6 19. Nxd6 Qxd6 20. Rfe1 Re7 21.
Rxe7 Qxe7 22. b5 Be5 23. b6 a6 24. Re1 Bh2+ 25. Kf1 Qf6 26. a4 Bg3 27. Qb2 a5
28. Re4 Be5 29. Qd2 Ra8 30. Qe1 Bd6 31. Re8+ Rxe8 32. Qxe8+ Kg7 33. Qa8 Bg3 34.
f3 Qe5 35. Qxa5 Qe3 0-1

[Event "SSC-Rostock-Open 2013"]
[Site "Rostock"]
[Date "2013.08.02"]
[Round "4.5"]
[White "Kioschies, Johann"]
[Black "Schnicke, Robert"]
[Result "0-1"]
[WhiteElo "2006"]
[BlackElo "2199"]
[PlyCount "76"]
[EventDate "2013.07.31"]
[EventType "swiss"]
[EventRounds "7"]
[EventCountry "GER"]
[Source "LSV Meck.-Vorp."]
[SourceDate "1999.06.01"]
[WhiteTeam "SV Aalen"]
[BlackTeam "TV Winnweiler"]

1. c4 e5 2. Nc3 Nc6 3. g3 g6 4. Bg2 Bg7 5. e3 Nge7 6. Nge2 d6 7. a3 a5 8. d3
Bd7 9. Rb1 Qc8 10. O-O Bh3 11. b4 axb4 12. axb4 h5 13. f3 Bxg2 14. Kxg2 Qe6 15.
Qb3 Nd8 16. Bb2 c6 17. e4 O-O 18. Bc1 Qd7 19. Be3 Ne6 20. Na4 Rae8 21. c5 d5
22. Nb6 Qd8 23. exd5 cxd5 24. Ra1 Nf5 25. Bg1 d4 26. Ra2 Kh7 27. Qd5 Qg5 28.
Qxb7 Nf4+ 29. Nxf4 exf4 30. Bf2 fxg3 31. hxg3 Be5 32. g4 hxg4 33. Rh1+ Kg7 34.
f4 Bxf4 35. Nd5 Rb8 36. Qd7 Rbd8 37. Ra7 Rxd7 38. Rxd7 g3 0-1

[Event "SSC-Rostock-Open 2013"]
[Site "Rostock"]
[Date "2013.08.02"]
[Round "4.6"]
[White "Szelag, Marcin"]
[Black "Heerde, Thomas"]
[Result "1-0"]
[WhiteElo "2488"]
[BlackElo "2001"]
[PlyCount "81"]
[EventDate "2013.07.31"]
[EventType "swiss"]
[EventRounds "7"]
[EventCountry "GER"]
[Source "LSV Meck.-Vorp."]
[SourceDate "1999.06.01"]
[WhiteTeam "SSC Rostock 07"]
[BlackTeam "SC Weisse Dame"]

1. e4 d5 2. exd5 Qxd5 3. Nc3 Qa5 4. d4 Nf6 5. Nf3 c6 6. Bc4 Bf5 7. Bd2 e6 8.
Qe2 Bb4 9. O-O Nbd7 10. Ne5 Nxe5 11. dxe5 Nd5 12. Bxd5 cxd5 13. a3 Bxc3 14.
Bxc3 Qb6 15. Bb4 Rc8 16. c3 Rc4 17. Kh1 h6 18. f3 g5 19. b3 Rc6 20. c4 d4 21.
Qd2 d3 22. Qc3 Rg8 23. Rad1 Qe3 24. Rfe1 Qf2 25. Rxd3 Bxd3 26. Qxd3 Qb6 27. Rd1
Qc7 28. Qh7 Rf8 29. Qxh6 Rc5 30. Bxc5 Qxc5 31. Qxg5 Qc7 32. h4 Qe7 33. Qxe7+
Kxe7 34. g4 a6 35. Kg2 b5 36. cxb5 axb5 37. Rd4 Rc8 38. Kg3 Rc3 39. Rb4 Re3 40.
Rxb5 Kd7 41. h5 1-0

[Event "SSC-Rostock-Open 2013"]
[Site "Rostock"]
[Date "2013.08.02"]
[Round "4.7"]
[White "Pererva, Viktor"]
[Black "Hess, Christian"]
[Result "0-1"]
[WhiteElo "2019"]
[BlackElo "2289"]
[PlyCount "34"]
[EventDate "2013.07.31"]
[EventType "swiss"]
[EventRounds "7"]
[EventCountry "GER"]
[Source "LSV Meck.-Vorp."]
[SourceDate "1999.06.01"]
[WhiteTeam "SSC Rostock 07"]
[BlackTeam "Koenigsspringer SC 1984"]

1. e4 c6 2. d4 d5 3. Nc3 dxe4 4. Nxe4 Bf5 5. Ng3 Bg6 6. h4 h6 7. Nf3 Nf6 8. Ne5
Bh7 9. Bc4 e6 10. Qe2 Nd5 11. f4 Nd7 12. h5 Be7 13. O-O O-O 14. f5 Nxe5 15.
dxe5 Bc5+ 16. Rf2 Qh4 17. Bxd5 Qxg3 0-1

[Event "SSC-Rostock-Open 2013"]
[Site "Rostock"]
[Date "2013.08.02"]
[Round "4.8"]
[White "Ehlert, Horst"]
[Black "Puschendorf, Steffen"]
[Result "1-0"]
[WhiteElo "1998"]
[BlackElo "2220"]
[Annotator "Raitza,Egon"]
[PlyCount "57"]
[EventDate "2013.07.31"]
[EventType "swiss"]
[EventRounds "7"]
[EventCountry "GER"]
[Source "LSV Meck.-Vorp."]
[SourceDate "1999.06.01"]
[WhiteTeam "SV Laatzen"]
[BlackTeam "ESV Gera"]

1. c4 g6 2. g3 Bg7 3. Bg2 e5 4. Nc3 Nc6 5. e3 d6 6. Nge2 f5 7. d3 Nf6 8. O-O
O-O 9. Rb1 a5 10. a3 g5 11. f4 h6 12. b4 axb4 13. axb4 Qe8 14. Nd5 Nxd5 {(=)}
15. cxd5 Ne7 16. Qc2 gxf4 17. exf4 Ng6 18. Qxc7 exf4 19. Nxf4 Ra2 20. Qxd6 Nxf4
21. Qxf4 Qe2 22. Qf3 Re8 23. Bf4 Bd7 24. b5 Bb2 25. d6 b6 26. Qxe2 Rxe2 27.
Bd5+ Be6 28. Bxe6+ Rxe6 29. Rxb2 1-0

[Event "SSC-Rostock-Open 2013"]
[Site "Rostock"]
[Date "2013.08.02"]
[Round "4.9"]
[White "Leisner, Hannes"]
[Black "Schreiber, Kevin"]
[Result "1-0"]
[WhiteElo "2208"]
[BlackElo "1914"]
[PlyCount "133"]
[EventDate "2013.07.31"]
[EventType "swiss"]
[EventRounds "7"]
[EventCountry "GER"]
[Source "LSV Meck.-Vorp."]
[SourceDate "1999.06.01"]
[WhiteTeam "Greifswalder SV"]
[BlackTeam "SC Mecklenburger Springer"]

1. Nf3 c5 2. e4 e6 3. d4 cxd4 4. Nxd4 Nc6 5. Nc3 Qc7 6. Be3 a6 7. Bd3 Nf6 8.
O-O Be7 9. f4 d6 10. Qf3 Nxd4 11. Bxd4 e5 12. fxe5 dxe5 13. Nd5 Qd6 14. Bc3
Qc5+ 15. Kh1 a5 16. b4 Qd6 17. bxa5 Qd8 18. Bb5+ Kf8 19. Rab1 Bg4 20. Qe3 Nxd5
21. exd5 Qxd5 22. Bxe5 h5 23. Bxg7+ Kxg7 24. Qxe7 Rh6 25. c4 Qe6 26. Rbe1 Qxe7
27. Rxe7 Be6 28. Rxb7 Rxa5 29. a4 Ra8 30. Kg1 Rd8 31. Rc1 Rd2 32. Bc6 Rf6 33.
Bf3 h4 34. Rb5 Rg6 35. Rh5 h3 36. Re5 hxg2 37. Re2 Rd4 38. c5 Rxa4 39. c6 Rh6
40. Rxg2+ Kf6 41. c7 Rh8 42. Rb2 Ra5 43. Rb6 Rg5+ 44. Kf1 Rgg8 45. Bb7 Ke7 46.
Re1 Kd7 47. c8=Q+ Rxc8 48. Bxc8+ Kxc8 49. Kg2 Kd7 50. Ra1 Ke7 51. Rb4 Bd5+ 52.
Kg3 Rg8+ 53. Rg4 Rb8 54. Ra3 Be6 55. Rg5 Rb1 56. h4 Rh1 57. Ra4 Rh3+ 58. Kg2
Rc3 59. Rf4 Rc2+ 60. Rf2 Rc8 61. h5 Rh8 62. Kg3 f6 63. Ra5 f5 64. Rh2 Kf6 65.
Kf4 Kg7 66. Ra7+ Kh6 67. Ra6 1-0

[Event "SSC-Rostock-Open 2013"]
[Site "Rostock"]
[Date "2013.08.02"]
[Round "4.10"]
[White "Franz, Karsten"]
[Black "Stutz, Reno"]
[Result "1/2-1/2"]
[WhiteElo "2191"]
[BlackElo "1991"]
[PlyCount "27"]
[EventDate "2013.07.31"]
[EventType "swiss"]
[EventRounds "7"]
[EventCountry "GER"]
[Source "LSV Meck.-Vorp."]
[SourceDate "1999.06.01"]
[WhiteTeam "SV Dresden-Leuben"]
[BlackTeam "ASV Gruen-Weiss Wismar"]

1. Nf3 d5 2. g3 c5 3. Bg2 Nc6 4. d3 e5 5. Nbd2 Nf6 6. O-O Be7 7. e4 dxe4 8.
dxe4 O-O 9. c3 Qc7 10. Re1 Rd8 11. Qc2 h6 12. Nc4 Be6 13. Bf1 Rd7 14. Be2
1/2-1/2

[Event "SSC-Rostock-Open 2013"]
[Site "Rostock"]
[Date "2013.08.02"]
[Round "4.11"]
[White "Siegert, Gregor"]
[Black "Hornych, Christoph"]
[Result "0-1"]
[WhiteElo "1826"]
[BlackElo "2172"]
[PlyCount "72"]
[EventDate "2013.07.31"]
[EventType "swiss"]
[EventRounds "7"]
[EventCountry "GER"]
[Source "LSV Meck.-Vorp."]
[SourceDate "1999.06.01"]
[WhiteTeam "SF Schwerin"]
[BlackTeam "SF Ostsee Warnemuende"]

1. a3 g6 2. e4 c6 3. d4 d5 4. exd5 cxd5 5. c4 Nf6 6. Nc3 Nc6 7. Bg5 Bg7 8. Nf3
Bg4 9. Be2 dxc4 10. d5 Bxf3 11. Bxf3 Ne5 12. Be2 O-O 13. O-O Qa5 14. Qd4 Nfd7
15. Qe3 f6 16. Bf4 Qb6 17. Qh3 f5 18. Kh1 Rac8 19. Rfd1 Nd3 20. Bxd3 cxd3 21.
Rxd3 Qxb2 22. Rb1 Qxf2 23. Bg5 Ne5 24. Rdd1 Ng4 25. Nb5 a6 26. Qb3 Rc2 27. d6+
Kh8 28. Qd5 e6 29. Qxb7 f4 30. Qf3 Qxf3 31. gxf3 Nf2+ 32. Kg1 axb5 33. d7 Nh3+
34. Kh1 Nxg5 35. d8=Q Nxf3 36. Rb2 Rxb2 0-1

[Event "SSC-Rostock-Open 2013"]
[Site "Rostock"]
[Date "2013.08.02"]
[Round "4.12"]
[White "Weber, Max"]
[Black "Jeske, Holger"]
[Result "1-0"]
[WhiteElo "2108"]
[BlackElo "1903"]
[PlyCount "105"]
[EventDate "2013.07.31"]
[EventType "swiss"]
[EventRounds "7"]
[EventCountry "GER"]
[Source "LSV Meck.-Vorp."]
[SourceDate "1999.06.01"]
[WhiteTeam "SSC Rostock 07"]
[BlackTeam "SSC Rostock 07"]

1. d4 f5 2. g3 d6 3. Nf3 Nf6 4. Bg2 c6 5. c4 Qc7 6. Nc3 e5 7. e4 g6 8. O-O Nxe4
9. Nxe4 fxe4 10. Ng5 Bg7 11. dxe5 dxe5 12. c5 Bf5 13. Be3 h6 14. Nxe4 O-O 15.
Nd6 Kh7 16. Qb3 Na6 17. Rfd1 Qe7 18. Qxb7 Qxb7 19. Nxb7 e4 20. Rab1 Nb4 21. a3
Nc2 22. Rd2 Nxe3 23. fxe3 Rab8 24. Nd6 Rb3 25. Bxe4 Bxe4 26. Nxe4 Rxe3 27. Nd6
Rb3 28. Nc4 Rf7 29. Na5 Rb5 30. b4 Bf8 31. Rc1 h5 32. Rf2 Rxf2 33. Kxf2 Bg7 34.
Rd1 Bb2 35. Rd7+ Kh6 36. Nc4 Bxa3 37. Nxa3 Rxb4 38. Rxa7 Rb2+ 39. Ke3 Rxh2 40.
Nc4 Rh3 41. Kf2 Rh2+ 42. Ke3 Rh3 43. Kf3 h4 44. Kg4 Rxg3+ 45. Kxh4 Rc3 46. Ra4
g5+ 47. Kg4 Rc1 48. Kf5 Kh5 49. Ke5 g4 50. Kd6 g3 51. Ne3 Rc3 52. Re4 Rc1 53.
Rg4 1-0

[Event "SSC-Rostock-Open 2013"]
[Site "Rostock"]
[Date "2013.08.02"]
[Round "4.13"]
[White "Fleischer, Matthias"]
[Black "Hodl, Ingolf"]
[Result "1-0"]
[WhiteElo "1929"]
[BlackElo "2062"]
[PlyCount "67"]
[EventDate "2013.07.31"]
[EventType "swiss"]
[EventRounds "7"]
[EventCountry "GER"]
[Source "LSV Meck.-Vorp."]
[SourceDate "1999.06.01"]
[WhiteTeam "SV Einheit Schwerin"]
[BlackTeam "SSC Rostock 07"]

1. d4 Nf6 2. Nf3 g6 3. e3 Bg7 4. Bd3 d6 5. Nbd2 Nbd7 6. O-O O-O 7. e4 e5 8. c3
Re8 9. Re1 Nf8 10. dxe5 dxe5 11. Bc4 Nh5 12. Qb3 Ne6 13. Nf1 Qf6 14. h4 h6 15.
N1h2 Nc5 16. Qb5 Qe7 17. b4 Na6 18. Bb3 c6 19. Qf1 Nc7 20. a3 Be6 21. c4 a5 22.
bxa5 Rxa5 23. Rb1 Rd8 24. Rd1 f5 25. Rxd8+ Qxd8 26. Bb2 fxe4 27. Bc3 Rxa3 28.
Nxe5 Kh7 29. Qc1 Ra8 30. Neg4 Bxg4 31. Bxg7 Nxg7 32. Nxg4 Qxh4 33. Qf4 Nce6 34.
Nf6+ 1-0

[Event "SSC-Rostock-Open 2013"]
[Site "Rostock"]
[Date "2013.08.02"]
[Round "4.14"]
[White "Ruesch, Hans Joachim"]
[Black "Celmer, Ole"]
[Result "1-0"]
[WhiteElo "2051"]
[BlackElo "1908"]
[PlyCount "97"]
[EventDate "2013.07.31"]
[EventType "swiss"]
[EventRounds "7"]
[EventCountry "GER"]
[Source "LSV Meck.-Vorp."]
[SourceDate "1999.06.01"]
[WhiteTeam "SF Ostsee Warnemuende"]
[BlackTeam "SSC Rostock 07"]

1. Nf3 Nf6 2. g3 b6 3. Bg2 Bb7 4. O-O e6 5. d3 d5 6. Nbd2 Be7 7. e4 dxe4 8. Ng5
O-O 9. Ndxe4 Nxe4 10. Nxe4 Qc8 11. Qe2 Nd7 12. Be3 Nf6 13. Rfd1 h6 14. f4 c5
15. Bf2 Qc7 16. a4 Rad8 17. a5 Bd5 18. axb6 axb6 19. c3 Qb7 20. g4 Nh7 21. c4
Bc6 22. d4 cxd4 23. Bxd4 Rfe8 24. Bc3 f5 25. Rxd8 Rxd8 26. gxf5 exf5 27. Ng3
Bc5+ 28. Kf1 Bxg2+ 29. Qxg2 Qf7 30. b3 g5 31. Ra8 Rxa8 32. Qxa8+ Nf8 33. Qd5
gxf4 34. Nxf5 Qxd5 35. cxd5 h5 36. b4 Be3 37. Nxe3 fxe3 38. Ke2 Kf7 39. Kxe3
Nd7 40. Ke4 b5 41. Bd4 Ke7 42. Bc5+ Kf6 43. Kf4 Kg6 44. h4 Kf6 45. Ke4 Kf7 46.
Kf5 Ke8 47. Ke6 Nxc5+ 48. bxc5 b4 49. c6 1-0

[Event "SSC-Rostock-Open 2013"]
[Site "Rostock"]
[Date "2013.08.02"]
[Round "4.15"]
[White "Lick, Patrick"]
[Black "Reznik, Leonid"]
[Result "0-1"]
[WhiteElo "2169"]
[BlackElo "1869"]
[PlyCount "54"]
[EventDate "2013.07.31"]
[EventType "swiss"]
[EventRounds "7"]
[EventCountry "GER"]
[Source "LSV Meck.-Vorp."]
[SourceDate "1999.06.01"]
[WhiteTeam "SV Laatzen"]
[BlackTeam "TuS Makkabi Rostock"]

1. g3 Nf6 2. Bg2 g6 3. d4 Bg7 4. c4 d6 5. Nf3 O-O 6. O-O Nc6 7. Nc3 e5 8. dxe5
dxe5 9. Nd5 h6 10. Be3 Be6 11. Ne1 e4 12. Bc5 Re8 13. Ne3 Nd7 14. Ba3 f5 15.
Rc1 Nd4 16. N1c2 c5 17. b4 b6 18. bxc5 bxc5 19. f3 exf3 20. Bxf3 Nxf3+ 21. exf3
Qa5 22. Rb1 Rad8 23. Rb5 Qa4 24. Qb1 Bd4 25. Bc1 Bxc4 26. Nxd4 Bxf1 27. Nxf1
Qxd4+ 0-1

[Event "SSC-Rostock-Open 2013"]
[Site "Rostock"]
[Date "2013.08.02"]
[Round "4.16"]
[White "Mangold, Thomas"]
[Black "Helms, Sven"]
[Result "1-0"]
[WhiteElo "1884"]
[BlackElo "2046"]
[PlyCount "55"]
[EventDate "2013.07.31"]
[EventType "swiss"]
[EventRounds "7"]
[EventCountry "GER"]
[Source "LSV Meck.-Vorp."]
[SourceDate "1999.06.01"]
[WhiteTeam "SSC Rostock 07"]
[BlackTeam "SF Schwerin"]

1. c4 e6 2. g3 Nf6 3. Bg2 d5 4. Nf3 Be7 5. O-O O-O 6. b3 c5 7. e3 Nc6 8. Bb2 b6
9. Qe2 Bb7 10. d3 Qc7 11. Nc3 a6 12. cxd5 exd5 13. Rac1 b5 14. h4 Rad8 15. Ng5
h6 16. Nh3 d4 17. Ne4 Nxe4 18. Bxe4 f5 19. Bg2 dxe3 20. Qxe3 Bd6 21. Bd5+ Kh7
22. Qf3 Be7 23. Nf4 Rxd5 24. Nxd5 Ne5 25. Bxe5 Qxe5 26. Rfe1 Qxd5 27. Qxd5 Bxd5
28. Rxe7 1-0